Study guide to accompany Modern auditing /
Auditing and the public accounting profession. Financial report audits. Professional ethics and conduct. Auditor's legal liability. Audit objectives, evidence and working papers. Accepting the engagement and planning the audit. Materiality, risk and preliminary audit strategies...
Сохранить в:
| Главный автор: | |
|---|---|
| Другие авторы: | |
| Формат: | |
| Язык: | English |
| Опубликовано: |
Milton, Qld. :
John Wiley and Sons,
1999.
|
| Редактирование: | 5th edition. |
| Предметы: | |
| Метки: |
Добавить метку
Нет меток, Требуется 1-ая метка записи!
|
| Thư viện lưu trữ: | Mạng thư viện Đại học Đà Nẵng |
|---|
| LEADER | 01222cam a2200361 i 4500 | ||
|---|---|---|---|
| 001 | 000048200 | ||
| 003 | 7906 | ||
| 005 | 20030312114115.0 | ||
| 008 | 010320|1999 vm 000 eng | ||
| 020 | |a 0471341533 | ||
| 040 | |a IRC |c IRC |d IRC | ||
| 041 | 0 | |a eng | |
| 082 | 1 | 4 | |a 657.450994 |b CO-P |
| 100 | 1 | |a Coram, Paul. | |
| 245 | 0 | 0 | |a Study guide to accompany Modern auditing / |c Paul Coram and Gurdarshan Gill. |
| 250 | |a 5th edition. | ||
| 260 | |a Milton, Qld. : |b John Wiley and Sons, |c 1999. | ||
| 300 | |a v, 257 p. ; |c 25.5cm. | ||
| 520 | 3 | |a Auditing and the public accounting profession. Financial report audits. Professional ethics and conduct. Auditor's legal liability. Audit objectives, evidence and working papers. Accepting the engagement and planning the audit. Materiality, risk and preliminary audit strategies... | |
| 630 | 0 | 4 | |a Economics. |
| 630 | 0 | 4 | |a Auditing. |
| 650 | 0 | 4 | |a Auditing |z Australia |x Problems, exercises, etc. |
| 700 | 1 | |a Gill, Gurdarshan. | |
| OWN | |a DUT | ||
| 999 | |a From the UDN01 | ||
| TYP | |a Monograph | ||
| TYP | |a Printed language | ||
| 980 | |a Mạng thư viện Đại học Đà Nẵng | ||


